ბათუმის შოთა რუსთაველის სახელმწიფო უნივერსიტეტის ბიბლიოთეკა

Deutsch uben Deutsch: taschentrainer. A2-C1. Briefe, E-Mails & co. Beispiele und Ubungen (ბიბ.ჩანაწერი № 54585)

000 -LEADER
fixed length control field 00650nam a2200241Ia 4500
001 - CONTROL NUMBER
control field 21651
003 - CONTROL NUMBER IDENTIFIER
control field GE_BSU
008 - FIXED-LENGTH DATA ELEMENTS--GENERAL INFORMATION
fixed length control field 181216s||||||||xx |||||||||||||| ||und||
020 ## - INTERNATIONAL STANDARD BOOK NUMBER
International Standard Book Number 9783193074935
040 ## - CATALOGING SOURCE
Transcribing agency GE_BSU
080 ## - UNIVERSAL DECIMAL CLASSIFICATION NUMBER
Universal Decimal Classification number 811.112
100 ## - MAIN ENTRY--PERSONAL NAME
Personal name Brill, L. M.; Techmer, M.
245 ## - TITLE STATEMENT
Title Deutsch uben Deutsch: taschentrainer. A2-C1. Briefe, E-Mails & co. Beispiele und Ubungen
260 ## - PUBLICATION, DISTRIBUTION, ETC.
Place of publication, distribution, etc. Ismaning
260 ## - PUBLICATION, DISTRIBUTION, ETC.
Name of publisher, distributor, etc. Hueber Verlag
260 ## - PUBLICATION, DISTRIBUTION, ETC.
Date of publication, distribution, etc. 2009
300 ## - PHYSICAL DESCRIPTION
Extent 164p. 16cm.
653 ## - INDEX TERM--UNCONTROLLED
Uncontrolled term Beispiele und Ubungen
653 ## - INDEX TERM--UNCONTROLLED
Uncontrolled term Briefe, E-Mails & co
653 ## - INDEX TERM--UNCONTROLLED
Uncontrolled term Deutsch uben Deutsch: taschentrainer. A2-C1
942 ## - ADDED ENTRY ELEMENTS (KOHA)
Koha item type წიგნი
ეგზემპლარები
Withdrawn status Lost status Damaged status Not for loan Date acquired Barcode Date last seen Price effective from Koha item type
        2018-12-17 1486 2018-12-17 2018-12-17 წიგნი